| 000 | 00567cam a2200217ua 4500 | ||
|---|---|---|---|
| 001 | 6712 | ||
| 008 | 140211n ii |||gr||||Z||||||eng | ||
| 020 | _a81-7381-199-7 | ||
| 040 | _cMAIN | ||
| 082 | _a657 | ||
| 245 |
_aAdvanced Financial Accounting : _bFor ICWAI Stage II / _cBy S Kr Paul . |
||
| 250 | _a2nd/ rep. | ||
| 260 |
_aKolkata: _bNew Central Book Agency., _c2008. |
||
| 300 | _aviii,1386p. | ||
| 653 | _aAccounting | ||
| 653 | _aCommerce | ||
| 653 | _aFinancial accounting | ||
| 653 | _aAccounting | ||
| 700 |
_aPaul, S Kr., _eAuthor. |
||
| 942 | _cBK | ||
| 999 |
_c5860 _d5860 |
||